• 首页
  • 本馆介绍
  • 公告通知
  • 最新文献
  • 馆藏检索
  • 电子资源
  • 读者导购
  • 参考咨询
  • 我的图书馆
  • 登录
  • 详细信息显示
  • 放入我的书架
  • 预约/预借图书
  • 作者相关作品
  • 分类相关作品
  • 丛书相关作品
  • 出版社相关作品

书目信息

  • 表格格式
  • 工作单格式
  • 卡片格式
题名:
城市树木栽培与养护
    
 
作者: 马凯 编著
分册:  
出版信息: 南京   东南大学出版社  2003
页数: 196页
开本: 29cm
丛书名: 城市绿化造景丛书
单 册:
中图分类: S731.2
科图分类:
主题词: 城市--绿化 , 城市 , 绿化
电子资源:
ISBN: 7-81050-782-6
000 00865oam2 2200265 450
001 1535419283
005 20150130095049.10
010    @a7-81050-782-6@dCNY39.00
100    @a20030319d2003 em y0chiy0110 ea
101 0  @achi
102    @aCN@b320000
105    @aa z 000yy
200 1  @a城市树木栽培与养护@9cheng shi shu mu zai pei yu yang hu@f马凯等编著
210    @a南京@c东南大学出版社@d2003
215    @a196页@c照片@d29cm
225 2  @a城市绿化造景丛书
330    @a本书着重阐述了城市树木栽培的基本理论,主要是栽培技术。包括城市树木的分类、生长发育规律、与环境条件的关系、繁殖、栽植与养护,以及自然灾害、病虫害防治等内容。
461  0 @12001 @a城市绿化造景丛书
606 0  @a城市@x绿化
606 0  @a城市
606 0  @a绿化
690    @aS731.2@v5
701  0 @a马凯@9ma kai@f(1942~)@4编著
801  0 @aCN@bTSSF@c20150130
905    @aZUCC@dS731.2@eJY52
    
    城市树木栽培与养护/马凯等编著.-南京:东南大学出版社,2003
    196页:照片;29cm.-(城市绿化造景丛书)
    
    
    ISBN 7-81050-782-6:CNY39.00
    本书着重阐述了城市树木栽培的基本理论,主要是栽培技术。包括城市树木的分类、生长发育规律、与环境条件的关系、繁殖、栽植与养护,以及自然灾害、病虫害防治等内容。
●
相关链接 在E读中查询图书 在五车中查询图书 在当当中查询图书 在豆瓣中查询图书


正题名:城市树木栽培与养护     索取号:S731.2/JY52         预约/预借

序号 登录号 条形码 馆藏地/架位号 状态 备注
1 7862951   278629511   学院路分馆/ [索取号:S731.2/JY52] 在馆    
2 7862952   278629520   学院路分馆/ [索取号:S731.2/JY52] 在馆    
唐山师范学院图书馆 欢迎您!
大连网信软件有限公司© 版权所有